100 великих русских изобретений

Bibliographische Detailangaben
Weitere Verfasser: Аксенова С. В. Светлана Вячеславовна (составитель), Одинцов Д. С. Дмитрий Сергеевич, Пакалина Е. Н. Елена Николаевна
Zusammenfassung:Они стали символами своего времени: Кулибин и Мичурин, Менделеев и Яблочков, Ильюшин и Королев... Мы говорим о них без имени и отчества, и все вокруг понимают, о ком идет речь. А вот знаем ли мы о делах и жизни этих людей в той мере, в какой они того заслуживают? Пожалуй, нет. А ведь без того, что они изобрели либо открыли, просто не было бы самолетов и телефонов, вентиляторов и электроламп, телевизоров и автомобильных двигателей, да и самих автомобилей тоже... Как все это создавалось? Читайте об этом в новой книге самой популярной серии издательства «Вече».
Sprache:Russisch
Veröffentlicht: Москва, Вече, 2012
Schriftenreihe:100 великих
Schlagworte:
Format: Buch
KOHA link:https://koha.lib.tpu.ru/cgi-bin/koha/opac-detail.pl?biblionumber=214670

MARC

LEADER 00000nam0a2200000 4500
001 214670
005 20231101225917.0
010 |a 9785953363167 
035 |a (RuTPU)RU\TPU\book\234545 
090 |a 214670 
100 |a 20120427d2012 km y0rusy50 ca 
101 0 |a rus 
102 |a RU 
105 |a ac z 001zd 
200 1 |a 100 великих русских изобретений  |f сост. С. В. Аксенова, Д. С. Одинцов, Е. Н. Пакалина 
210 |a Москва  |c Вече  |d 2012 
215 |a 320 с.  |c ил. 
225 1 |a 100 великих 
320 |a Библиогр.: с. 312-313. 
330 |a Они стали символами своего времени: Кулибин и Мичурин, Менделеев и Яблочков, Ильюшин и Королев... Мы говорим о них без имени и отчества, и все вокруг понимают, о ком идет речь. А вот знаем ли мы о делах и жизни этих людей в той мере, в какой они того заслуживают? Пожалуй, нет. А ведь без того, что они изобрели либо открыли, просто не было бы самолетов и телефонов, вентиляторов и электроламп, телевизоров и автомобильных двигателей, да и самих автомобилей тоже... Как все это создавалось? Читайте об этом в новой книге самой популярной серии издательства «Вече». 
606 1 |a Наука  |x История  |y Россия  |y СССР  |2 stltpush  |3 (RuTPU)RU\TPU\subj\45077  |9 64339 
610 1 |a научные открытия 
610 1 |a изобретения 
610 1 |a Россия 
610 1 |a русские ученые 
610 1 |a изобретатели 
610 1 |a математика 
610 1 |a метрология 
610 1 |a астрономия 
610 1 |a космология 
610 1 |a физика 
610 1 |a химия 
610 1 |a биология 
610 1 |a медицина 
610 1 |a гуманитарные науки 
610 1 |a искусство 
610 1 |a техника 
610 1 |a технические изобретения 
610 1 |a горное дело 
610 1 |a металлургия 
610 1 |a электротехника 
610 1 |a радиотехника 
610 1 |a электроника 
610 1 |a информатика 
610 1 |a химическая промышленность 
610 1 |a инженерные сооружения 
610 1 |a авиация 
610 1 |a космонавтика 
610 1 |a транспорт 
610 1 |a военное дело 
686 |a Ч213(2)  |v LBC/SL-A  |2 rubbk 
702 1 |a Аксенова  |b С. В.  |g Светлана Вячеславовна  |4 220 
702 1 |a Одинцов  |b Д. С.  |g Дмитрий Сергеевич  |4 220 
702 1 |a Пакалина  |b Е. Н.  |g Елена Николаевна  |4 220 
801 1 |a RU  |b 63413507  |c 20120427 
801 2 |a RU  |b 63413507  |c 20131129  |g RCR 
942 |c BK 
959 |a 66/20120425  |d 1  |e 296,25  |f ЧЗГЛ:1